| 000 | 00566nam a2200217Ia 4500 | ||
|---|---|---|---|
| 005 | 20260429112230.0 | ||
| 008 | 260429s9999||||xx |||||||||||||| ||und|| | ||
| 020 | _a9781260547801 | ||
| 041 | _aEnglish | ||
| 082 |
_a346.07 _bMEL |
||
| 100 | _aMelvin, Sean P. | ||
| 245 | 0 |
_aBusiness law and strategy / _cSean P. Melvin |
|
| 260 |
_aNew York : _bMc Graw Hill, _c2021. |
||
| 300 | _axxxvi, 1078 p.; pbk | ||
| 650 | _a Business law | ||
| 650 | _a Commercial law | ||
| 650 | _aLaw | ||
| 700 | _a Guerra-Pujol, F.E. | ||
| 700 | _a Orozco, David | ||
| 942 | _cTB | ||
| 999 |
_c53025 _d53025 |
||